| 000 | 00886nam a22003017a 4500 | ||
|---|---|---|---|
| 001 | BR2013001752 | ||
| 003 | BR-BrBNA | ||
| 005 | 20230928104137.0 | ||
| 007 | ta | ||
| 008 | 230509b bl.||||| |||| 00| 0 por d | ||
| 040 |
_aBR-BrBNA _bpor _cBiblioteca Nacional de Agricultura |
||
| 041 | _a(Por) | ||
| 072 | _aE14 | ||
| 090 | _ E14 BR2013001752 | ||
| 110 | 1 |
_aAssociação Brasileira do Agronegócio, São Paulo, SP (Brasil) _9879 |
|
| 111 | 1 | _aAnais 11. Congresso Brasileiro do Agronegócio | |
| 245 | 1 | _aBrasil: alimentos e energias, seguranças globais | |
| 260 | 3 |
_aSão Paulo, SP (Brasil): _c2012. |
|
| 300 | _a46 p. | ||
| 500 | _a53 illus.; 16 graphs.; 3 tables | ||
| 650 | _aALIMENTO | ||
| 650 | _aENERGIA | ||
| 650 | _aAGRONEGÓCIO | ||
| 650 | _aSEGURANÇA ALIMENTAR | ||
| 650 | _aPOLÍTICAS PÚBLICAS | ||
| 909 |
_a202309 _bLucia _c55 _dLucia Elande |
||
| 942 | _cBK | ||
| 999 |
_c78351 _d78351 |
||